Score 0/14 Timer 03:00
0 Plays Today
Clue 4-Letter Word % Correct
'____! The Herald Angels Sing'HARK
96.4%
Bring on for a jobHIRE
96.1%
Tablet of medicinePILL
95.6%
Hopping animalHARE
94.7%
Big heapPILE
94.5%
Lacking colorPALE
94.3%
Long walk in the woodsHIKE
94.2%
Clue 4-Letter Word % Correct
Great dogDANE
93.5%
★ ____ Hill, title character ★★ HANK ★
93.3%
★ ____ Gribble, nuttyneighbor ★★ DALE ★
91.8%
River borderBANK
91.8%
Batman antagonistBANE
91%
★ ____ Judge, one of the series' creators ★★ MIKE ★
90.1%
★ _____ Dauterive, bald army barber ★★ BILL ★
78.2%

Today's Daily Dose

You're not logged in!

Compare scores with friends on all Sporcle quizzes.
OR
Log In

Sporcle TV

Today on Sporcle TV


Watch our educational content, quiz creation guides, and fun videos on Sporcle TV.

Show Comments

Extras

Top Quizzes Today


Score Distribution

Paid Content

Your Account Isn't Verified!

In order to create a playlist on Sporcle, you need to verify the email address you used during registration. Go to your Sporcle Settings to finish the process.

Report this User

Report this user for behavior that violates our Community Guidelines.

Details: